LEADER 00886nam a22002531i 4500 001 991003204599707536 005 20040120114347.0 008 040802s1994 it |||||||||||||||||ita 020 $a8844412608 035 $ab13040133-39ule_inst 035 $aARCHE-099274$9ExL 040 $aBiblioteca Interfacoltà$bita$cA.t.i. Arché s.c.r.l. Pandora Sicilia s.r.l. 082 04$a851.91 100 1 $aSanesi, Roberto$0159837 245 10$aMercurio /$cRoberto Sanesi 260 $aMilano :$bAll'insegna del pesce d'oro,$c1994 300 $a80 p. ;$c17 cm 440 0$aAcquario ;$v227 907 $a.b13040133$b02-04-14$c05-08-04 912 $a991003204599707536 945 $aLE002 It. XXIV N 57$g1$i2002000264404$lle002$nC. 1$o-$pE0.00$q-$rl$s- $t0$u0$v0$w0$x0$y.i13663756$z05-08-04 996 $aMercurio$9287547 997 $aUNISALENTO 998 $ale002$b05-08-04$cm$da $e-$fita$git $h0$i1 LEADER 04276nam 22005535 450 001 9910483203603321 005 20200713120451.0 010 $a3-658-11857-1 024 7 $a10.1007/978-3-658-11857-0 035 $a(CKB)3710000000616334 035 $a(EBL)4442128 035 $a(DE-He213)978-3-658-11857-0 035 $a(MiAaPQ)EBC4442128 035 $a(EXLCZ)993710000000616334 100 $a20160308d2016 u| 0 101 0 $ager 135 $aur|n|---||||| 181 $ctxt$2rdacontent 182 $cc$2rdamedia 183 $acr$2rdacarrier 200 10$aNichtwähler in Europa, Deutschland und Nordrhein-Westfalen $eUrsachen und Konsequenzen sinkender Wahlbeteiligung /$fvon Michael Kaeding, Stefan Haußner, Morten Pieper 205 $a1st ed. 2016. 210 1$aWiesbaden :$cSpringer Fachmedien Wiesbaden :$cImprint: Springer VS,$d2016. 215 $a1 online resource (140 p.) 300 $aDescription based upon print version of record. 311 $a3-658-11856-3 320 $aIncludes bibliographical references. 327 $aSinkende Wahlbeteiligung ? Problemaufschlag: Europa, Deutschland und NRW -- Die soziale Schieflage als zentrales Merkmal der sinkenden Wahlbeteiligung -- Fallstudien für Kommunen in NRW: Die soziale Schieflage der niedrigen Wahlbeteiligung in Duisburg, Essen und Düsseldorf -- Die Folgen der sozialen Schieflage -- Maßnahmen zur Steigerung der Wahlbeteiligung ? eine Evaluation -- Die Wahlteilnahmepflicht -- Schlussbemerkung. 330 $aDieser Band bietet eine aktuelle Bestandsaufnahme der bestehenden Literatur zur sinkenden Wahlbeteiligung in Europa, Deutschland und Nordrhein-Westfalen. Er analysiert die damit verbundene soziale Schieflage auf den verschiedenen Ebenen ergänzt um eigene Analysen. Er zeigt, dass die soziale Schieflage der Wahlbeteiligung zu einer erheblichen Verschiebung des politischen Angebots und Nachfrage führt. Die aktuell diskutierten Lösungsmöglichkeiten greifen diese Kernprobleme allerdings nicht an. Nur die Einführung einer gesetzlichen Wahlteilnahmepflicht ist dazu in der Lage. Dieser Band sucht abschließend konsensuale Fakten, zeigt Lücken auf und bezieht Stellung, wie das Problem der sozialen Schieflage der niedrigen Wahlbeteiligung gelöst werden kann. Der Inhalt · Sinkende Wahlbeteiligung · Die soziale Schieflage als zentrales Merkmal der sinkenden Wahlbeteiligung · Fallstudien für Kommunen in NRW · Die Folgen der sozialen Schieflage · Maßnahmen zur Steigerung der Wahlbeteiligung · Die Wahlteilnahmepflicht Die Zielgruppen · Studierende und Lehrende der Sozialwissenschaften · Praktiker, Journalisten und Wissenschaftler im Bereich der Wahlforschung · Weiterführende Schulen und Erwachsenenbildung Die Autoren Dr. Michael Kaeding ist Jean Monnet Professor für Europäische Integration und Europapolitik an der Universität Duisburg-Essen, Visiting Fellow am EIPA in Maastricht und lehrt am Europakolleg in Brügge. Zudem ist er Mitherausgeber des Journal of European Integration. Stefan Haußner und Morten Pieper sind studentische Mitarbeiter am Jean Monnet Lehrstuhl für Europäische Integration und Europapolitik an der Universität Duisburg-Essen. 606 $aElections 606 $aGermany?Politics and government 606 $aEuropean Union 606 $aElectoral Politics$3https://scigraph.springernature.com/ontologies/product-market-codes/911070 606 $aGerman Politics$3https://scigraph.springernature.com/ontologies/product-market-codes/911190 606 $aEuropean Union Politics$3https://scigraph.springernature.com/ontologies/product-market-codes/911140 615 0$aElections. 615 0$aGermany?Politics and government. 615 0$aEuropean Union. 615 14$aElectoral Politics. 615 24$aGerman Politics. 615 24$aEuropean Union Politics. 676 $a320 700 $aKaeding$b Michael$4aut$4http://id.loc.gov/vocabulary/relators/aut$0873909 702 $aHaußner$b Stefan$4aut$4http://id.loc.gov/vocabulary/relators/aut 702 $aPieper$b Morten$4aut$4http://id.loc.gov/vocabulary/relators/aut 906 $aBOOK 912 $a9910483203603321 996 $aNichtwähler in Europa, Deutschland und Nordrhein-Westfalen$92849560 997 $aUNINA LEADER 02052nam2 22005173i 450 001 VAN00254178 005 20240806101438.952 017 70$2N$a9781468467604 100 $a20230206d1988 |0itac50 ba 101 $aeng 102 $aUS 105 $a|||| ||||| 200 1 $aˆ2.: ‰Senses Other than Vision$fSelected and with an Introduction by Jeremy M. Wolfe 210 $aBoston$cBirkhäuser$cSpringer$d1988 215 $axiv, 148 p.$d24 cm 410 1$1001VAN00254159$12001 $aReadings from the Encyclopedia of Neuroscience$1210 $aBoston [etc.]$cBirkhäuser 461 1$1001VAN00254176$12001 $aSensory System$1210 $aBoston$cBirkhäuser$cSpringer$d1988$1215 $a2 volumi$dill.$d24 cm$v2 606 $a92-XX$xBiology and other natural sciences [MSC 2020]$3VANC020839$2MF 606 $a92C20$xNeural biology [MSC 2020]$3VANC020365$2MF 610 $aBrain$9KW:K 610 $aCalculus$9KW:K 610 $aControl$9KW:K 610 $aDetection$9KW:K 610 $aInformation$9KW:K 610 $aInfrared$9KW:K 610 $aManagement$9KW:K 610 $aMechanism$9KW:K 610 $aModel$9KW:K 610 $aPhysics$9KW:K 610 $aPhysiology$9KW:K 610 $aPsychoacoustics$9KW:K 610 $aPsychophysics$9KW:K 610 $aSensor$9KW:K 610 $aSodium$9KW:K 620 $dBoston$3VANL000051 702 1$aWolfe$bJeremy M.$3VANV207276 712 $aBirkhäuser $3VANV108193$4650 712 $aSpringer $3VANV108073$4650 801 $aIT$bSOL$c20250613$gRICA 856 4 $uhttps://doi.org/10.1007/978-1-4684-6760-4$zE-book ? Accesso al full-text attraverso riconoscimento IP di Ateneo, proxy e/o Shibboleth 899 $aBIBLIOTECA DEL DIPARTIMENTO DI MATEMATICA E FISICA$1IT-CE0120$2VAN08 912 $fN 912 $aVAN00254178 950 $aBIBLIOTECA DEL DIPARTIMENTO DI MATEMATICA E FISICA$d08DLOAD e-book 5208 $e08eMF5208 20230214 996 $aSenses Other than Vision$93008062 997 $aUNICAMPANIA